000 00924nam a22003017a 4500
001 BR0102531
003 BR-BrBNA
005 20230928100908.0
007 ta
008 230509b bl.||||| |||| 00| 0 por d
040 _aBR-BrBNA
_bpor
_cBiblioteca Nacional de Agricultura
041 _a(Por)
072 _aL53
_b5250
090 _ 5250 BR0102531
100 1 _aGuerra, M.M.P.
110 1 _aUniversidade Federal de Minas Gerais, Belo Horizonte (Brasil). Escola de Veterinaria
_0Tese (Doutor em Ciencia Animal)
245 1 _aMaturacao in vitro de ovocitos caprinos
260 3 _aBelo Horizonte, MG (Brasil):
_c1998.
300 _a127 p.
500 _aSummaries (Eng, Por); Bibliography p. 107-127; 16 illus.; 15 tables
650 _aCaprino
650 _aReproducao Animal
650 _aFecundacao Animal
650 _aEmbriao
650 _aMaturacao
909 _a202309
_bLucia
_c55
_dLucia Elande
942 _cBK
999 _c63291
_d63291